000 00988nam a22003137a 4500
003 CHAP
005 20220329133331.0
008 971013s1983 r 00010 d
010 _a5059
011 _a6031
035 _a5249
040 _cCHAP
082 _a507.209726
_bC4
110 _aCentro de Investigaciones de Quintana Roo, A. C.
_921119
245 1 _aPlan de trabajo para 1984
260 _aPuerto Morelos, Q.R. :
_bEl Centro,
_c1983
300 _a135 h.
500 _a55-194
590 _aBATCH-UPD
_b10
_c20130110
_lUCH01
_h2157
590 _aBATCH-UPD
_b10
_c20130410
_lUCH01
_h1506
590 _aBATCH-UPD
_b10
_c20130914
_lUCH01
_h1654
590 _aCONVERSION
_b10
_c20130109
_lUCH01
_h1304
650 1 4 _aInvestigación
_xQuintana Roo.
_960245
650 1 4 _aPolítica científica
_xQuintana Roo.
_990469
650 1 4 _aRecursos naturales
_xQuintana Roo.
_995310
901 _aBK
942 _cLIBRO
949 _a507.209726 C4
_bBC
_cLIBRO
_d33724000134870
_eLIBRO
_h81684
_i5249
_si
999 _c5059
_d5059